[Event "Pfalz-ch HT5 86th"]
[Site "Wolfstein"]
[Date "2017.04.08"]
[Round "2"]
[White "Jung, Hans Guenter"]
[Black "Schmitt, Sebastian"]
[Result "1-0"]
[WhiteElo "1487"]
[BlackElo "1233"]
[PlyCount "135"]
[EventDate "2017.04.07"]
[EventType "swiss"]
[EventRounds "7"]
[EventCountry "GER"]
[SourceTitle "EXT 2018"]
[Source "ChessBase"]
[SourceDate "2017.10.13"]
[SourceVersion "1"]
[SourceVersionDate "2017.10.13"]
[SourceQuality "1"]

1. e4 e5 2. Nf3 d6 3. Bc4 Be7 4. c3 b6 5. Qb3 Be6 6. Bxe6 fxe6 7. Qxe6 Nd7 8. Qd5 Ngf6 9. Qc4 a6 10. Ng5 Rf8 11. Ne6 d5 12. Qc6 Qc8 13. Nxc7+ Kd8 14. Ne6+ Ke8 15. exd5 Qxc6 16. dxc6 Nc5 17. Nc7+ Kf7 18. Nxa8 Rxa8 19. 0-0 Rc8 20. d4 exd4 21. cxd4 Ne6 22. Be3 Rxc6 23. Nc3 Nc7 24. Rac1 Re6 25. Bf4 Ncd5 26. Be5 Nxc3 27. Rxc3 Nd5 28. Rf3+ Bf6 29. Re1 Rc6 30. g4 h6 31. h4 Kg6 32. Bxf6 Nxf6 33. Rf4 Nd5 34. Rfe4 Rc2 35. R1e2 Rc1+ 36. Kg2 Rd1 37. h5+ Kh7 38. f3 Nf6 39. Re6 Nd5 40. Kg3 Rg1+ 41. Kf2 Rd1 42. R2e5 Rxd4 43. Rxd5 Rxd5 44. Rxb6 Rd2+ 45. Ke3 Rc2 46. a3 a5 47. Rb5 a4 48. Rb4 Rh2 49. Rxa4 Rxb2 50. Ra8 Rb3+ 51. Kf4 Rb6 52. a4 Rf6+ 53. Kg3 g6 54. hxg6+ Rxg6 55. a5 Rc6 56. Ra7+ Kg6 57. Rb7 Rc3 58. a6 Ra3 59. a7 Kg5 60. Rc7 Kf6 61. Kh4 Ra5 62. Rc6+ Kg7 63. Rc7+ Kg6 64. f4 Kf6 65. Rb7 Kg6 66. f5+ Kf6 67. Kh5 Ra6 68. Rb6+ 1-0

[Event "Zweibruecken PSB-ch HT5 82nd"]
[Site "Zweibruecken"]
[Date "2013.03.29"]
[Round "6"]
[White "Kovac, Linda"]
[Black "Schmitt, Sebastian"]
[Result "1-0"]
[WhiteElo "1189"]
[BlackElo "1171"]
[PlyCount "81"]
[EventDate "2013.??.??"]
[EventType "swiss"]
[EventRounds "7"]
[EventCountry "GER"]
[SourceTitle "EXT 2014"]
[Source "ChessBase"]
[SourceDate "2013.11.20"]
[SourceVersion "1"]
[SourceVersionDate "2013.11.20"]
[SourceQuality "1"]

1. e4 c6 2. d4 d5 3. e5 Bf5 4. Nf3 e6 5. Nc3 Bb4 6. Bd2 Ne7 7. a3 Ba5 8. b4 Bc7 9. Nh4 Nd7 10. Bg5 0-0 11. Nxf5 exf5 12. Qh5 g6 13. Qh6 Re8 14. 0-0-0 f4 15. Bf6 Nxf6 16. exf6 Nf5 17. Qg5 Ng7 18. Ne2 Ne6 19. Qh4 g5 20. Qh6 Kh8 21. Ng1 Rg8 22. Bd3 Rg6 23. Bxg6 fxg6 24. f7 Qf6 25. Nf3 g4 26. Ne5 Bxe5 27. dxe5 Qxf7 28. h3 g3 29. fxg3 fxg3 30. Rhf1 Qc7 31. Qe3 b6 32. Rf3 c5 33. bxc5 bxc5 34. Rxg3 Ng7 35. Qg5 Nf5 36. Qf6+ Kg8 37. Qxf5 Rf8 38. Qe6+ Kg7 39. Rxd5 Rf1+ 40. Rd1 Qd8 41. Rxf1 1-0